Statistiques concernant La Filmographie de Anthony Mackie

Cliquez ici pour prendre le quiz!

Statistiques générales

  • Ce quiz a été pris 3 fois
  • Le résultat moyen est 6 sur 67

Statistiques - réponses

AnnéesFilms% Correct
2019Avengers: Endgame
100%
2018Avengers Infinity War
100%
2016Captain America: Civil War
100%
2014Captain America:Le Soldat de l'hiver
100%
2021Falcon et le Soldat de l'hiver
67%
2015Ant-Man
33%
2015Avengers: L'Ere d'Ultron
33%
2004Million Dollar Baby
33%
201110 ans déjà!
0%
201030 for 30
0%
20028 Mile
0%
2012Abraham Lincoln, chasseur de vampires
0%
2016All the Way
0%
2020Altered Carbon
0%
2008American Violet
0%
2018Animals
0%
2007Ascension
0%
2002As If
0%
2019Black Mirror
0%
2014Black or White
0%
2004Brother to Brother
0%
2014Comment séduire une amie
0%
2006Crossover
0%
2008Démineur
0%
2017Detroit
0%
2012Dos au mur
0%
2009Fleur du désert
0%
2013Gangster Squad
0%
2006Half Nelson
0%
2004Haven
0%
2006Heavens Fall
0%
2003Hollywood Homicide
0%
2006La Couleur du crime
0%
2021La Femme à la fenêtre
0%
2011L'Agence
0%
2005Le Boss
0%
2013Le Cinquième Pouvoirs
0%
2019lo
0%
2008L'Oeil du mal
0%
2010Louis
0%
2019Miss Bala
0%
2003New York, section criminelle
0%
2010Night Catches Us
0%
2015Noël chez les Cooper
0%
2013No Pain No Gain
0%
2009Notorious BIG
0%
2013Players
0%
2019Point Blank
0%
2015Que le meilleur gagne
0%
2011Real Steel
0%
2013Repentance
0%
2019Seberg
0%
2011(S)ex List
0%
2004She Hate Me
0%
2014Shelter
0%
2021Solos
0%
2004Sucker Free City
0%
2019Synchronic
0%
2020The Banker
0%
2018The Hate U Give
0%
2013The Inevitable Defeat of Mister & Peter
0%
2015The Night Before
0%
2016Triple 9
0%
2004Un crime dans la tête
0%
2006We Are Marshall
0%
2019Wetlands
0%
2021Zone hostile
0%

Distribution des résultats

Percentile par nombre de réponses

% des personnes avec chaque résultat

Votre développement - résultats

Vous n’avez pas pris ce quiz